000 00234 a2200097 4500
020 _a9781111644543
100 _aWhitman,
245 _aRefrigeration And Air Conditioning Technology
250 _a7Th Edition
260 _bCengage Learning
999 _c11234
_d11234